Normal view MARC view
  • GUPTA, DR. M.P. AND SHARMA, DR. TARUN

Entry Personal Name

Number of records used in: 1

001 - CONTROL NUMBER

  • control field: 8701

003 - CONTROL NUMBER IDENTIFIER

  • control field: JRU

005 - DATE AND TIME OF LATEST TRANSACTION

  • control field: 20250917142015.0

008 - FIXED-LENGTH DATA ELEMENTS

  • fixed length control field: 250917|| aca||aabn | a|a d

040 ## - CATALOGING SOURCE

  • Original cataloging agency: JRU
  • Transcribing agency: JRU

100 ## - HEADING--PERSONAL NAME

  • Personal name: GUPTA, DR. M.P. AND SHARMA, DR. TARUN

670 ## - SOURCE DATA FOUND

  • Source citation: Work cat.: (JRU)8836: GUPTA, DR. M.P. AND SHARMA, DR. TARUN , BHARAT KO JANO, 2019